People Mrs Roark Hates Quiz Stats

 Plays Quiz not verified by Sporcle

Challenge
Share
Tweet
Embed
Score 0/9 Timer 10:00
0 Plays Today
% Correct
Blake
80%
Kenney
80%
Preston
80%
Matthew
80%
Cooper
60%
Nathan
60%
Logan
60%
Mr. G
60%
Computer
40%

You're not logged in!

Compare scores with friends on all Sporcle quizzes.
Join for Free
OR
Log In

You Might Also Like...

Show Comments

Extras

Created Nov 16, 2012ReportNominate
Tags:hate, mrs

Top Quizzes Today


Score Distribution

Your Account Isn't Verified!

In order to create a playlist on Sporcle, you need to verify the email address you used during registration. Go to your Sporcle Settings to finish the process.

Report this User

Report this user for behavior that violates our Community Guidelines.

Details: